Сверхширокополосная беспроводная связь: пер. с англ.

Detalhes bibliográficos
Autor principal: Арслан Х. Хусейн
Outros Autores: Чен Чжи Нинь, Бенедетто М.-Г. Д. Мария-Габриэлла Ди
Resumo:Книга представляет хорошо сбалансированное и систематизированное описание систем связи UWB - от организации радиосвязи до практических приложений. В издании рассмотрены принципы построения, варианты доступа к среде сетевого и прикладного уровней. Материал условно подразделяется на три больших раздела: анализ физического слоя и задач, зависящих от технологий; общее представление о различных аспектах разработки систем UWB, включая моделирование каналов, совместимость с другими системами, а также контроль помех и методы их подавления; обзор условий доступа и вопросов сетевого уровня вплоть до прикладного. Издание рассчитано на технических специалистов, менеджеров отрасли связи, а также научных работников академического и промышленного направлений, преподавателей и студентов профильных вузов.
Idioma:russo
Publicado em: Москва, Техносфера, 2012
coleção:Мир радиоэлектроники
Assuntos:
Formato: Livro
KOHA link:https://koha.lib.tpu.ru/cgi-bin/koha/opac-detail.pl?biblionumber=224397

MARC

LEADER 00000nam0a2200000 4500
001 224397
005 20231101230604.0
010 |a 9785948363196 
035 |a (RuTPU)RU\TPU\book\244702 
090 |a 224397 
100 |a 20121025d2012 km y0rusy50 ca 
101 1 |a rus  |c eng 
102 |a RU 
105 |a a z 001zy 
200 1 |a Сверхширокополосная беспроводная связь  |e пер. с англ.  |f Х. Арслан, Чен Чжи Нинь, М.-Г. Д. Бенедетто 
210 |a Москва  |c Техносфера  |d 2012 
215 |a 639 с.  |c ил. 
225 1 |a Мир радиоэлектроники 
320 |a Библиография в конце глав. 
320 |a Предметный указатель: с. 633-639. 
330 |a Книга представляет хорошо сбалансированное и систематизированное описание систем связи UWB - от организации радиосвязи до практических приложений. В издании рассмотрены принципы построения, варианты доступа к среде сетевого и прикладного уровней. Материал условно подразделяется на три больших раздела: анализ физического слоя и задач, зависящих от технологий; общее представление о различных аспектах разработки систем UWB, включая моделирование каналов, совместимость с другими системами, а также контроль помех и методы их подавления; обзор условий доступа и вопросов сетевого уровня вплоть до прикладного. Издание рассчитано на технических специалистов, менеджеров отрасли связи, а также научных работников академического и промышленного направлений, преподавателей и студентов профильных вузов. 
606 1 |a Беспроводная связь  |2 stltpush  |3 (RuTPU)RU\TPU\subj\71273  |9 85242 
610 1 |a сверхширокополосная связь 
610 1 |a сверхширокополосные каналы 
610 1 |a технология 
610 1 |a синхронизация 
610 1 |a оценивание 
610 1 |a сверхширокополосная локация 
610 1 |a модуляция 
610 1 |a сверхширокополосные импульсы 
610 1 |a антенны 
610 1 |a сверхширокополосные приемники 
610 1 |a многостационарный доступ 
610 1 |a мультиплексирование 
610 1 |a UWB 
610 1 |a MIMO 
610 1 |a мобильные сети 
610 1 |a маршрутизация 
610 1 |a адаптивные системы 
675 |a 621.391.6  |v 3 
700 1 |a Арслан  |b Х.  |g Хусейн 
701 1 |a Чен Чжи Нинь 
701 1 |a Бенедетто  |b М.-Г. Д.  |g Мария-Габриэлла Ди 
801 1 |a RU  |b 63413507  |c 20121025 
801 2 |a RU  |b 63413507  |c 20150611  |g RCR 
900 |a Беспроводные информационные сети 
942 |c BK 
959 |a 136/20121025  |d 1  |e 975,00  |f ЧЗТЛ:1